1271 1937 1593 1219 1471 1994 1333 1757 1870 1789 1138 1250 1845 1014 1670 1417 1915 1230 1694 1063 1055 1362 1941 1056 1493 1618 1600 1022 1134 1141 1782 1745 1913 1204 1424 1772 1324 1868 1253 1074 1770 1377 1560 1813 1436 1499 1513 1915 1219 1032 1386 1122 1939 1975 1914 1938 1741 1052 1714 1997 1820 1368 1739 1759 1402 1602 1596 1498 1714 1726 1521 1311 1978 1564 1228 1842 1054 1380 1494 1753 1932 1685 1077 1062 1655 1419 1451 1437 1092 1120 1561 1368 1173 1410 1888 1564 1516 1347 1431 BCNSPRNW ULIB Ver.6.0+V

เปลี่ยนเป็นภาษาไทย

Change to English
 แสดงรายละเอียดบรรณานุกรม
  กลับหน้าหลัก

Brief Record : Get Marc (ISO 2709) : E-mail record : QR code < ปิดหน้าต่าง
LEADER : 00000nam 2200000uu 4500
001    13399110948
003     ULIB
008    110614s||||||||th 000 0 tha d
020    9789743239250
050  4 AC158^bว296ส 2550
100 0  วรากรณ์ สามโกเศศ
245 10 สนุกกับของไม่ฟรี (โลกนี้ไม่มีอะไรฟรี ภาค 7) /^cวรากรณ์ สามโกเศศ
250    พิมพ์ครั้งที่ 1
260    กรุงเทพฯ :^bมติชน,^c2550
300    215 หน้า :^bภาพประกอบ ;^c22 ซม.
650  7 เศรษฐศาสตร์^vรวมเรื่อง
945    ^p150^l0^i023144
995    ทศพร
999 ^a ใช้งานได้ทุกระบบ
รายการนี้ยังไม่มีแท็ก
คุณยังไม่ได้ล็อกอิน คุณสามารถมีกิจกรรมร่วมกับเว็บไซต์ได้ แต่ต้องล็อกอินก่อน ::
  ล็อกอิน

รายการสื่อสารสนเทศ

ลำดับที่ ประเภท เลขเรียก/บาร์โค้ด สถานที่ สถานะ
- ไม่พบข้อมูล -

รายการใกล้เคียง
    ผู้แต่ง [วรากรณ์ สามโกเศศ]

BibComment


ยังไม่เคยถูกคอมเมนท์

คอมเมนท์ทรัพยากรรายการนี้
  คอมเมนท์: สนุกกับของไม่ฟรี ..


 Copyright 2026. Bcnsprnw @Library